书目信息 |
| 题名: |
尼米兹
|
|
| 作者: | 波特 著 ;蒋恺 , 施家 , 伍文雄 译 | |
| 分册: | ||
| 出版信息: | 北京 解放军出版社 1987 |
|
| 页数: | 636页 | |
| 开本: | 19cm | |
| 丛书名: | 外国著名军事人物 | |
| 单 册: | ||
| 中图分类: | K837.125.2 | |
| 科图分类: | ||
| 主题词: | 历史 , 地理 | |
| 电子资源: | ||
| ISBN: | 7-5065-1407-9 | |
| 000 | 00807nam2 2200301 45 | |
| 001 | 0187008597 | |
| 005 | 20040510170712.0 | |
| 010 | @dCNY6.50@a7-5065-1407-9 | |
| 100 | @a19900912d1987 mk y0chiy0121 ea | |
| 101 | 1 | @achi@ceng |
| 102 | @aCN@b110000 | |
| 105 | @ay z 000yb | |
| 106 | @ar | |
| 200 | 10 | @a尼米兹@Ani mi zi@f(美)波特著@g蒋恺等译 |
| 210 | @a北京@c解放军出版社@d1987 | |
| 215 | @a636页@d19cm | |
| 225 | 2 | @a外国著名军事人物 |
| 410 | 0 | @120010@a外国著名军事人物 |
| 606 | 0 | @a历史 |
| 606 | 0 | @a地理 |
| 690 | @aK837.125.2 | |
| 701 | 1 | @a波特@Abo te@bE.B.@4著 |
| 702 | 0 | @a蒋恺@Ajiang kai@4译 |
| 702 | 0 | @a施家@Ashi jia@4译 |
| 702 | 0 | @a伍文雄@Awu wen xiong@4译 |
| 801 | 0 | @aCN@b深圳图书馆@c20040510 |
| 801 | 2 | @aCN@bNLC@c20040510 |
| 905 | @f7@b249306-312@dK837.125.2@e273 | |
| 尼米兹/(美)波特著/蒋恺等译.-北京:解放军出版社,1987 |
| 636页;19cm.-(外国著名军事人物) |
| ISBN 7-5065-1407-9:CNY6.50 |
| ● |
| 相关链接 |
|
|
|
|
正题名:尼米兹
索取号:K837.125.2/273
 
预约/预借
| 序号 | 登录号 | 条形码 | 馆藏地/架位号 | 状态 | 备注 |
| 1 | 0249306 | 001544877 | 密集书库/ [索取号:K837.125.2/273] | 在馆 | |
| 2 | 0249307 | 001544715 | 密集书库/ [索取号:K837.125.2/273] | 在馆 | |
| 3 | 0249308 | 001544797 | 密集书库/ [索取号:K837.125.2/273] | 在馆 | |
| 4 | 0249309 | 000773434 | 密集书库/ [索取号:K837.125.2/273] | 在馆 | |
| 5 | 0249310 | 001544831 | 密集书库/ [索取号:K837.125.2/273] | 在馆 | |
| 6 | 0249311 | 001544751 | 密集书库/ [索取号:K837.125.2/273] | 在馆 | |
| 7 | 0249312 | 001544671 | 密集书库/ [索取号:K837.125.2/273] | 在馆 | |
| 8 | 0249313 | 001544680 | 第二样本阅览室/ [索取号:K837.125.2/273] | 在馆 |